00567nam a2200157 a 450000100100000000500170001000800410002704000250006808200150009324500940010826000360020230000320023804900090027095201130027999900170039200003032020200930060229.0110510s1977 dr c 000 0 spa d aDO-SdBNPbspacBNPHU axxxbG748c00aGran cruz de la orden de Bernardo O' Higgins al Mayor General Enriquez Pérez y Pérez. aSanto Domingo :bTele-3,c1977. a[26 p.] :bretrs. ;c22 cm. aBNPD 0010718PDaPDbPDcCTd2011-05-10iLF1l0oxxx G748cp30320-10r2020-06-25w2020-06-25yLFPDZNo se presta c29812d29812